Missouri, a bone of contention; (Record no. 52060)
[ view plain ]
| 000 -LEADER | |
|---|---|
| fixed length control field | 00649cam a22002291 4500 |
| 001 - CONTROL NUMBER | |
| control field | rc 01001327 |
| 003 - CONTROL NUMBER IDENTIFIER | |
| control field | DLC |
| 005 - DATE AND TIME OF LATEST TRANSACTION | |
| control field | 20260227111903.0 |
| 008 - FIXED-LENGTH DATA ELEMENTS--GENERAL INFORMATION | |
| fixed length control field | 730808s1888 maub 000 0 eng |
| 010 ## - LIBRARY OF CONGRESS CONTROL NUMBER | |
| LC control number | rc 01001327 |
| 035 ## - SYSTEM CONTROL NUMBER | |
| System control number | (OCoLC)674452 |
| 040 ## - CATALOGING SOURCE | |
| Original cataloging agency | DLC |
| Transcribing agency | OYU |
| Modifying agency | NcRS |
| -- | DLC |
| 042 ## - AUTHENTICATION CODE | |
| Authentication code | premarc |
| 050 00 - LIBRARY OF CONGRESS CALL NUMBER | |
| Classification number | F466 |
| Item number | .C31 |
| 100 1# - MAIN ENTRY--PERSONAL NAME | |
| Personal name | Carr, Lucien, |
| Dates associated with a name | 1829-1915. |
| 245 10 - TITLE STATEMENT | |
| Title | Missouri, a bone of contention; |
| Statement of responsibility, etc. | by Lucien Carr. |
| 260 ## - PUBLICATION, DISTRIBUTION, ETC. | |
| Place of publication, distribution, etc. | Boston, |
| Name of publisher, distributor, etc. | Houghton, Mifflin, |
| Date of publication, distribution, etc. | 1888. |
| 300 ## - PHYSICAL DESCRIPTION | |
| Extent | x, 377 p. |
| Other physical details | (fold. map) |
| Dimensions | 18 cm. |
| 490 0# - SERIES STATEMENT | |
| Series statement | American commonwealths |
| 500 ## - GENERAL NOTE | |
| General note | Series title at head of t.-p. |
| 651 #0 - SUBJECT ADDED ENTRY--GEOGRAPHIC NAME | |
| Geographic name | Missouri |
| General subdivision | History. |
No items available.